[Event "USA-ch"]
[Site "San Diego"]
[Date "2004.11.28"]
[Round "4"]
[White "Onischuk, Alexander"]
[Black "Fishbein, Alexander"]
[Result "0-1"]
[WhiteElo "2653"]
[BlackElo "2505"]
[Annotator "Psakhis,L"]
[PlyCount "84"]
[EventDate "2004.11.24"]
[EventType "swiss"]
[EventRounds "9"]
[EventCountry "USA"]
[SourceTitle "CBM 105"]
[Source "ChessBase"]
[SourceDate "2005.04.11"]
[SourceVersion "1"]
[SourceVersionDate "2005.04.11"]
[SourceQuality "1"]

1. e4 c5 2. Nf3 d6 3. Bb5+ Bd7 4. Bxd7+ Nxd7 5. O-O Ngf6 6. Qe2 e6 7. d4 ({
Quite often white tries also} 7. b3) 7... cxd4 8. Nxd4 Be7 (8... a6 9. c4 Be7
10. Nc3 O-O (10... Rc8 11. a4 Qa5 12. Nc2 O-O 13. Bd2 Qc7 14. b3 Rfe8 15. Rfe1
Nc5 16. Rab1 b6 17. Nd4 Nfd7 18. Be3 Nf6 19. Bd2 Nfd7 {1/2-1/2 Skripchenko,
A-Van der Wiel,J/Wijk aan Zee-B 2002}) 11. Be3 (11. Rd1 Qc7 12. Be3 Rfe8 13.
Rac1 Rac8 14. b3 Nf8 15. Kh1 Ng6 16. Rd3 Ne5 17. Rdd1 Neg4 18. h3 Nxe3 19. Qxe3
Nd7 20. f4 h6 21. Rf1 Bf6 22. Nf3 Qa5 {0-1 Gergel,Z-Kankula,R/SVK-ch 2004/
ChessBase (39)}) 11... Rc8 12. Rac1 Qa5 13. f3 Ne5 14. Nb1 Qxa2 15. Na3 Nc6 16.
Qd3 Qxb2 17. Nxc6 bxc6 18. Rb1 Qe5 19. Rb7 Rfe8 20. Bd4 Qa5 21. Bb6 Qa4 22. c5
d5 23. e5 Nh5 24. g3 Rb8 {0-1 Timman,J-Khalifman,A/Moscow 1993/ChessBase (32)})
9. c4 O-O 10. b3 Qb6 {The idea of this move is to prevent development of white
knight on c3.} (10... Qc7 11. Bb2 Ne5 (11... Rfe8 $5 12. Nc3 Bf8 13. Rac1 a6
14. Kh1 g6 15. f4 Bg7 16. Rcd1 e5 17. fxe5 Rxe5 18. Nf3 Ree8 19. Nd5 {
Sadvakasov,D-Vaulin,A/Omsk 1996/0-1 (56)}) 12. f4 Nc6 13. Nf3 $1 Qb6+ (13... d5
14. e5 Bc5+ 15. Kh1 Ng4 16. cxd5 exd5 17. Ng5 $1 Ne3 18. Rc1 $16) 14. Kh1 Ng4
15. Nc3 (15. Ng1 $5 Nf6 16. Rd1 $14) 15... Qe3 $8 16. Qxe3 Nxe3 17. Rf2 $14 {
1-0 Psakhis,L-Gormally,D/London 1999 ChessBase/ [Psakhis,L] (53)}) 11. Bb2 Rfe8
12. Nd2 ({It was possible to play} 12. Rd1 $5 {[%cal Gb1c3] but after this
move will be not easy to find good place for another white's rook.}) 12... Ne5
13. Kh1 Nc6 $146 (13... Ng6 14. Rad1 Rad8 15. Nb1 d5 16. e5 Nd7 17. cxd5 Nf4
18. Qf3 Nxd5 19. Nf5 Bf8 20. Ne3 Qa6 21. Nd2 Qxa2 22. Nec4 Qa6 23. Ne4 Nc5 24.
Ra1 Qc6 25. Ned6 Bxd6 26. Nxd6 Rf8 27. Ba3 b6 28. Rfc1 {Motylev,A-Kempinski,R/
PZU op 1998/ChessBase/0-1 (75)}) 14. Nxc6 bxc6 (14... Qxc6 15. f4 $5 $14) 15.
Rae1 Rad8 16. f4 {White has some initiative, nevertheless, the assessment of
the position is not quite clear} d5 17. e5 (17. Bxf6 Bxf6 18. e5 Be7 {doesn't
promise any advantage to white.}) 17... Nd7 18. f5 $5 (18. Nf3 Qa6 $5) 18...
Bb4 19. f6 g6 20. Rc1 (20. Rd1 $5 $14) 20... Bf8 21. Nf3 Qa6 {Maybe in this
moment White lost chances for real initiative. Worth considering sharp} 22. Nd4
{Maybe in this moment White lost chances for real initiative. Worth
considering sharp} (22. Ng5 $5 h6 (22... Qxa2 $2 23. Nxh7 $1 Kxh7 24. Rc3 $18)
(22... Bh6 23. Qg4 $40) 23. Nh3 Qxa2 24. Nf4 $44 {[%cal Cg6g5,Cg5f4,Rf4g6]})
22... dxc4 23. bxc4 (23. Rxc4 Nb6 24. Rc2 Qxe2 25. Nxe2 c5 $13) 23... Nc5 24.
Rb1 ({Perhaps White should have considered} 24. Rcd1 $5 {[%cal Gb2c1,Gc1e3]})
24... Rd7 25. Bc3 Red8 $132 {[%csl Gd7,Gd8] Black should find counter chances
in the center otherwise White will increase his pressure on the king side.} 26.
Rf4 h5 (26... Na4 $5 27. Ba1 c5 $13) 27. Rh4 Na4 28. Ba1 Nb6 $1 29. Nf3 (29.
Nxc6 $2 Qxa2 $1 $19) (29. Rc1 c5 30. Nf3 Qa3 $36) 29... Qa4 {[%cal Rd7d1]} 30.
Rd4 Rxd4 31. Bxd4 Nxc4 (31... c5 $5) 32. Bxa7 (32. Rc1 Nb6 33. Qf2 Nd7 {
[%cal Gc6c5]}) 32... Na3 $1 {Seemingly, this move escaped Onischuk's attention.
Black has the upper hand} 33. Rb7 (33. Rb8 Rxb8 34. Bxb8 Nc2 {[%cal Ga4a2]})
33... c5 {[%csl Ra7]} 34. h4 Ra8 (34... Nc4 $5) 35. Bb6 $2 {[%mdl 8192]
Terrible mistake! The lesser evil for White was move} (35. Bb8 $8) 35... Qc6 $1
36. Ra7 (36. Rxf7 Kxf7 37. Ng5+ Ke8 (37... Kg8 $4 38. Qd3 $1 $18) 38. Qd3 Qxb6
39. Qxg6+ Kd7 40. Qf7+ Kc6 41. Qxe6+ Kb7 42. Qd5+ Ka7 $19) 36... Rxa7 37. Bxa7
Qb7 $19 {[%csl Ra7]} 38. Bxc5 Bxc5 39. Qd2 Qe4 (39... Qd5 $5) 40. Qd8+ Bf8 41.
Kg1 Nc4 42. Qc7 Qf4 (42... Qe2 $5 {[%cal Gc4e3]}) 0-1

[Event "RUS-ch 56th"]
[Site "Krasnoyarsk"]
[Date "2003.09.08"]
[Round "5"]
[White "Glek, Igor Vladimirovich"]
[Black "Klimov, Sergey"]
[Result "1-0"]
[WhiteElo "2566"]
[BlackElo "2512"]
[Annotator "Psakhis,L"]
[PlyCount "79"]
[EventDate "2003.09.03"]
[EventType "swiss"]
[EventRounds "9"]
[EventCountry "RUS"]
[SourceTitle "CBM 098"]
[Source "ChessBase"]
[SourceDate "2004.02.03"]
[SourceVersion "1"]
[SourceVersionDate "2004.02.03"]
[SourceQuality "1"]

1. e4 c5 2. Nf3 d6 3. Bb5+ Bd7 4. Bxd7+ Qxd7 5. O-O Nc6 6. c3 Nf6 7. d4 Nxe4 8.
d5 Nd8 {Although this reply has proved quite popular, I remain suspicious
about its value.} (8... Ne5 $5 9. Nxe5 dxe5 10. Re1 Nf6 11. Rxe5 e6 {looks
more promising for black, for example:} 12. c4 O-O-O 13. Nc3 Bd6 14. Re1 exd5
15. Nxd5 Qf5 16. Be3 Rhe8 $11 17. b4 Ng4 18. g3 Rxe3 {0-1 Zarnicki,P-Ramirez,A/
American Continental-ch Buenos Aires 2003/}) 9. Re1 Nf6 10. Bg5 Ng8 ({In the
case of} 10... e6 11. Bxf6 gxf6 12. Nh4 Be7 13. Qh5 $44 {White has great
compensation for the pawn.}) 11. b4 $1 (11. Nbd2 g6 (11... f6 12. Bf4 Nf7 13.
b4 g5 14. Bg3 h5 15. h4 g4 16. Nh2 cxb4 17. cxb4 Ngh6 18. Re6 Bg7 19. Qc2 O-O
20. Rae1 $36 {Can,E-Erdogan,H/EUR-ch Istanbul 2003/The Week in Chess 449/1/2-1/
2 (67)}) 12. Ne4 Bg7 13. Bf4 Kf8 14. Qe2 Bh6 15. Bxh6+ Nxh6 16. b4 b6 17. bxc5
bxc5 18. Rab1 $44 {Nevednichy,V-Georgiev,K/Jugoslavija 2001}) 11... h6 $146 (
11... cxb4 12. cxb4 h6 13. Bc1 (13. Be3 $5) 13... Nf6 14. Bb2 e6 15. Bxf6 gxf6
16. Nh4 Rg8 17. Nd2 Be7 18. Ne4 $44 {1-0 Gushpit,I-Veliev,S/UKR-ch Sevastopol
2000 (35)}) 12. Be3 cxb4 (12... Nf6 $5 13. bxc5 dxc5 14. c4 e6 15. Nc3 $36) 13.
Bd4 (13. cxb4 $5) 13... Nf6 (13... bxc3 14. Nxc3 $32) 14. Bxf6 gxf6 15. cxb4
Bg7 16. Nbd2 $44 {[%csl Rd8,Re8] White has a stable advantage - small material
defecit more than sufficiently compensated by the better developement and the
bad position of Black's king and knight.} f5 (16... Rc8 $5) 17. Rc1 O-O (17...
e5 $5) 18. Nh4 e6 (18... Kh7 19. Qh5 e6 20. Ndf3 Kg8 $5 $13) 19. Nc4 $1 Rc8 20.
g3 $5 (20. dxe6 fxe6 21. Qxd6 Qxd6 22. Nxd6 Rxc1 23. Rxc1 Nc6 $11) 20... b5 ({
Worth considering} 20... Re8 $5 {[%cal Gb7b5]}) 21. Ne3 Rxc1 22. Qxc1 f4 (22...
Bf6 $5 $13) 23. gxf4 Qe7 24. Nhg2 Qf6 25. Qc7 {Despite the simplifications
Black still hasn't solved the problems completely and has to  work hard to
hold balance.} (25. f5 $5) 25... Qb2 26. Qxd6 Qxa2 (26... Bc3 $5 27. Rd1 Bxb4
28. Qd7 a6 $132) 27. f5 $1 $36 Qb2 (27... Qb3 $5 {[%cal Gb3e6]}) 28. h3 (28.
dxe6 $5 fxe6 29. Nd1 $1 Qf6 30. fxe6 Re8 31. Qb8 Bf8 32. Qxb5 Rxe6 33. Qc4 $14)
28... Qd4 (28... Be5 29. Qc5) 29. Rd1 Qe5 (29... Qf6 $5) 30. Qd7 (30. Qxe5 $5
Bxe5 31. Ng4 $16) 30... Qe4 (30... exd5 $5) 31. Qxb5 exf5 32. Qd7 (32. d6 f4
33. Qc4 $16) 32... f4 (32... Qxb4 33. Nxf5 {[%csl Gd5,Gd7,Gf5]}) 33. Nf5 {
[%csl Gf5]} f3 34. Nge3 Kh7 35. Nxg7 Kxg7 36. Kh1 (36. Rd4 $5) (36. Qg4+ $5)
36... Kh8 37. Rg1 $18 {The smoke has cleared, White has decisive advantage and
manages to turn it into a win quite quickly} Qh4 38. Qf5 (38. Rg4 Qxh3+ 39. Kg1
h5 $1) 38... Rg8 (38... Qd4 39. Rg6 $1) 39. Qxf3 Rxg1+ 40. Kxg1 1-0

[Event "Moscow Aeroflot op-A"]
[Site "Moscow"]
[Date "2005.02.20"]
[Round "6"]
[White "Malakhov, Vladimir"]
[Black "Areshchenko, Alexander"]
[Result "1-0"]
[WhiteElo "2664"]
[BlackElo "2570"]
[Annotator "Psakhis,L"]
[PlyCount "33"]
[EventDate "2005.02.15"]
[EventType "swiss"]
[EventRounds "9"]
[EventCountry "RUS"]
[SourceTitle "CBM 106"]
[Source "ChessBase"]
[SourceDate "2005.06.06"]
[SourceVersion "1"]
[SourceVersionDate "2005.06.06"]
[SourceQuality "1"]

1. e4 c5 2. Nf3 d6 3. Bb5+ Bd7 4. Bxd7+ Qxd7 5. O-O Nf6 6. Qe2 Nc6 7. Rd1 {
[%cal Gd2d4]} (7. c3 e6 8. d4 cxd4 9. cxd4 d5 10. e5 Ng8 11. Rd1 Nge7 12. Nc3
Nc8 13. Be3 Nb6 14. b3 Rc8 15. Qb2 Be7 16. Ne2 O-O 17. Nf4 Rc7 18. Qe2 Rfc8 19.
Ne1 Qd8 20. Qg4 Nd7 21. Ned3 Nf8 {Kasimdzhanov,R-Topalov,V/Wch KO Tripoli 2004/
/1/2-1/2 (63)}) 7... Qg4 $6 {Deviating from the "main" theory at a very early
stage.} (7... g6 8. b3 Bg7 9. Bb2 O-O 10. d4 cxd4 11. Nxd4 a6 12. c4 Rac8 13.
Nxc6 Qxc6 14. Nc3 e6 15. Rd2 Rfd8 16. Rad1 Rd7 17. g3 Rcd8 {1/2-1/2 Zvjaginsev,
V-Karjakin,S/Moscow Aeroflot op A1 2005/}) (7... e6 $5 8. d4 cxd4 9. Nxd4 Be7
10. c4 O-O (10... Nxd4 11. Rxd4 Qc6 12. Nc3 O-O 13. b3 a6 14. Bb2 Rfc8 15. Rad1
Ne8 16. a4 Bf6 17. R4d3 h6 18. Kh1 Qb6 19. Qc2 Qc6 20. f3 Qc5 $11 {1-0
Skripchenko,A-Bojkovic,N/ECC CupW Rethymnon 2003/ (42)}) 11. Nc3 Rfc8 12. b3 a6
13. Bb2 Qc7 14. Rac1 Qa5 15. Nf3 h6 16. h3 Rab8 17. a3 Qh5 18. b4 Rd8 19. Rd2
Rbc8 20. Rcd1 Ne8 21. Na4 b5 22. cxb5 Qxb5 23. Qxb5 axb5 24. Nc3 Nc7 $14 {
1/2-1/2 Zvjaginsev,V-Najer,E/Moscow-ch blitz 2004/ (53)}) 8. d3 $146 {This
obvious move is definitely better than the previously played} (8. Qb5 Qd7 $5 (
8... O-O-O $5 9. d3 $140 $4 Nd4 $19)) 8... Ne5 (8... Nd4 9. Nxd4 cxd4 10. f3
Qd7 11. c3 dxc3 12. Nxc3 $14 {with a small but lasting advantage.}) 9. Nbd2 e6
(9... Nh5 $5 10. h3 (10. Qf1 $5 Nf4 11. Kh1) 10... Nf4 11. hxg4 Nxe2+ 12. Kf1
Nxf3 (12... Nxc1 13. Nxe5 dxe5 (13... Nxa2 14. Nxf7 $1 Kxf7 15. Rxa2) 14. Raxc1
e6 15. Nc4 f6 16. a4 $14) 13. Nxf3 Nd4 (13... Nxc1 14. Raxc1 $14) 14. Nxd4 cxd4
15. c3 dxc3 16. bxc3 $14) 10. h3 Qh5 (10... Nxf3+ 11. Nxf3 Qg6 12. e5 dxe5 13.
d4 $3 (13. Nxe5 Qh5 14. Qxh5 Nxh5 15. a4 Nf6 $11) 13... Qe4 14. Qb5+ Qc6 15.
Qxc6+ bxc6 16. dxe5 $16) 11. d4 $1 {[%cal Od4e5,Ce5c6,Cc5d4,Ge2b5] Now Black's
underdeveloped queenside ( and king! ) is under attack.} Nxf3+ (11... Ned7 12.
e5 dxe5 13. dxe5 Nd5 14. Ne4 $16 {[%cal Cf8e7,Cd7e5,Gc2c4]}) 12. Nxf3 {It
becomes clear that the badly developed Black pieces are absolutely useless and
can't protect the king from the arising trouble...} cxd4 (12... a6 13. e5 Nd7
14. g4 $1 (14. exd6 Bxd6 15. dxc5 Qxc5 16. Qd3 Ke7 17. Bg5+ $5 f6 18. Bf4 e5
19. Be3 Qc6 20. Nh4 $36) 14... Qxh3 (14... Qg6 $4 15. Nh4 {[%csl Rg6]}) 15. Ng5
Qh4 16. Qf3 f6 17. Nxe6) 13. e5 $3 {[%cal Oe5f6,Gh5b5][%mdl 128] A wonderful
resource! Seemingly, this move escaped Areshchenko's attention.} dxe5 (13...
Nd7 14. exd6 Bxd6 (14... Rc8 15. Rxd4 Rc6 16. Bf4 $18) 15. Rxd4 Qc5 (15... Bc5
16. Rxd7 $1) 16. Qd1 Ke7 17. Be3 Qc6 18. Qe2 $16 {[%csl Re7][%cal Ga1d1]}) 14.
Qb5+ Nd7 (14... Kd8 15. Bg5 {[%cal Ob5b7,Rd1d4]}) 15. Rxd4 $18 Rd8 (15... O-O-O
16. Bf4 $1 Be7 17. Rc4+ Kb8 18. Nxe5 Nxe5 19. Bxe5+ Ka8 20. Rc7 $18) 16. Rxd7
$1 Rxd7 17. g4 (17. g4 a6 (17... Qxh3 18. Nxe5) (17... e4 18. Qxh5 exf3 19. Be3
) 18. Qxd7+ Kxd7 19. gxh5) 1-0

[Event "FIDE World Cup"]
[Site "Khanty-Mansiysk"]
[Date "2005.11.27"]
[Round "1.1"]
[White "Kabanov, Nikolai"]
[Black "Bruzon Batista, Lazaro"]
[Result "0-1"]
[WhiteElo "2506"]
[BlackElo "2677"]
[Annotator "Psakhis,L"]
[PlyCount "76"]
[EventDate "2005.11.27"]
[EventType "k.o."]
[EventRounds "7"]
[EventCountry "RUS"]
[SourceTitle "CBM 111"]
[Source "ChessBase"]
[SourceDate "2006.04.04"]
[SourceVersion "1"]
[SourceVersionDate "2006.04.04"]
[SourceQuality "1"]

1. e4 c5 2. Nf3 d6 3. Bb5+ Bd7 4. Bxd7+ Nxd7 5. c4 Ngf6 (5... e6 6. O-O Ne7 7.
Nc3 Ng6 8. d4 cxd4 9. Nxd4 Nge5 {The knight looks impressive on e5 but could
be kicked away easily.} 10. b3 Be7 11. f4 Nc6 12. Nxc6 bxc6 13. Bb2 (13. Be3 {
is worth considering to stop Black from putting his queen on b6.}) 13... O-O
14. Rf3 f5 15. Qe2 Bf6 16. Rd1 Qb6+ 17. Kh1 Nc5 18. Rxd6 fxe4 19. Rf1 (19. Nxe4
$2 Bxb2 {and White is busted.}) 19... Rad8 20. Rxd8 Rxd8 21. Ba1 e3 $2 {
Black assumes he has lost the e-pawn and merely advances it. Instead:} (21...
Nd3 $1 22. Nxe4 Bxa1 23. Rxa1 Nxf4 {offers equal chances.}) 22. Qxe3 Rd3 23.
Qe1 Qa5 24. Ne2 (24. Nd5 Qxe1 25. Nxf6+ gxf6 26. Rxe1 {is better for White.})
24... Qxa2 25. Bxf6 Re3 $2 26. Bd4 Nd3 27. Qd1 {1-0 Cuartas,J-Saladen,R/
Fusagasuga 1999.}) 6. Nc3 e6 (6... Ne5 {looks as a reasonable alternative to
the text.} 7. O-O (7. Nxe5 dxe5 8. Qa4+ (8. d3 e6 9. f4 Be7 10. O-O O-O 11.
fxe5 Nd7 12. Bf4 Bg5 13. g3 Be7 14. Qe2 a6 15. Rae1 {1/2-1/2 Bologan,V (2585)
-Serper,G (2560)/Oslo op 1994/ChessBase}) 8... Nd7 9. d3 e6 10. f4 exf4 11.
Bxf4 Be7 12. O-O O-O 13. Rf3 Bf6 14. Qc2 Ne5 15. Bxe5 Bxe5 16. Ne2 a6 17. Kh1
Qd6 18. Raf1 Rad8 19. Rh3 Rd7 20. b3 Rfd8 21. Ng1 g6 22. Qf2 Qe7 {0-1
Gurgenidze,B (2278)-Jobava,B (2159)/GEO-ch Tbilisi 2000/EXT 2004 (56)}) (7. d3
e6 8. O-O Be7 9. a3 (9. Ne1 O-O 10. f4 Nc6 11. Nf3 a6 12. Kh1 Rb8 13. a4 Qd7
14. Be3 d5 15. Ne5 (15. e5 Ng4 16. Bg1 f6 17. h3 Nh6 $15) 15... Qd8 16. cxd5 (
16. Nxc6 bxc6 17. e5 Nd7 18. Bc1 f6 $15) 16... exd5 17. Bf2 d4 {0-1 Mednis,
E-Tseshkovsky,V/Riga (izt) 28/401 1979/ChessBase/[Filip,M] (40)}) 9... Nfd7 10.
Ne1 Nc6 11. f4 O-O 12. Rb1 Bf6 13. Nf3 a6 14. Be3 Rb8 15. g4 b5 16. cxb5 axb5
17. g5 Bd4 18. Bxd4 Nxd4 19. Nxd4 cxd4 20. Na2 e5 21. Qh5 {1/2-1/2 Skripchenko,
A (2400)-Pelletier,Y (2515)/Cannes op 1998/ChessBase}) 7... e6 8. Qe2 Be7 9.
Rd1 Qc7 10. b3 a6 11. Bb2 O-O 12. d4 cxd4 13. Rxd4 Rab8 14. Rad1 Rfc8 15. h3 h6
16. R4d2 Nxf3+ 17. Qxf3 b5 18. cxb5 axb5 19. Ne2 Rb6 $13 {1/2-1/2 Anastasian,A
(2588)-Sargissian,G (2514)/ARM-ch Yerevan 2001/The Week in Chess 359 (33)}) 7.
O-O (7. d4 cxd4 8. Nxd4 a6 9. b3 Qa5 10. Bd2 Qe5 11. Nf3 Qh5 12. O-O Ne5 13.
Nxe5 Qxd1 14. Rfxd1 dxe5 15. f3 Bc5+ 16. Kf1 Nd7 17. Ne2 a5 $11 {1/2-1/2
Christiansen,L (2580)-Ivanov,I (2475)/American op 1996/EXT 2001 (41)}) 7... Be7
8. a3 $146 {A slow move.} ({I am almost sure that just after} 8. d4 cxd4 9.
Nxd4 (9. Qxd4 a6 10. b3 O-O 11. Bg5 Qa5 12. Qd2 Kh8 13. a4 Ne5 14. Nxe5 dxe5
15. Qc2 Bc5 16. Rad1 Rad8 $11 {1-0 Velicka,P-Dobrovolsky,V/CZE t-ch 1997/
ChessBase (39)}) 9... a6 10. b3 {White can pretend for small advantage, but
Black's position is tough anyway. A possible continuation could be now:} O-O (
10... Rc8 11. Bb2 O-O 12. f4 Re8 13. Kh1 Bf8 14. Qe2 e5 15. fxe5 Nxe5 16. Rad1
g6 17. Nc2 Ned7 18. Qf3 Qe7 19. Ne3 Bg7 20. Qf4 Nh5 21. Qf2 Qe6 {1/2-1/2
Ramesh,R (2480)-Saravanan,V (2393)/IND-ch Nagpur 2002/ChessBase (59)}) 11. Be3
{Even though White has played b2-b3 White often develops his bishop on the
c1-h6 diagonal.} (11. Bb2 Qa5 12. Qe2 Rac8 13. Rac1 (13. f4 b5 {walks into} 14.
cxb5 Rxc3 15. Qe1 Rfc8 16. Bxc3 Qxc3 17. Qxc3 Rxc3 18. bxa6 Nxe4 {and a
double-edged ending is the result.}) 13... Rfe8 14. Rfd1 Bf8 15. Kh1 Qe5 16. g3
Qg5 17. Nf3 Qa5 18. Kg2 {Skrzypnik,M-Zawadzki,S/Laczna 2002. when the position
was equal.}) 11... Re8 12. f4 Bf8 13. Qf3 Qa5 14. Rac1 g6 15. Kh1 Bg7 16. Nde2
Rac8 17. Rcd1 Qc7 $13 {1-0 Khachiyan,M (2473)-Novikov,I (2598)/Denver 2003 (48)
}) (8. b3 Ne5 9. Ne1 O-O 10. f4 Nc6 11. Bb2 a6 12. d3 Nd7 {1/2-1/2 Basagic,
Z-Palac,M/Velden open 1994/ChessBase}) (8. d3 $5) 8... Ne5 $5 {Typical
reaction, Bruzon brings knight to his natural position c6.} 9. Ne1 {[%cal
Gf2f4]} O-O (9... Nxc4 $4 10. Qa4+ $18) 10. d3 Nc6 11. f4 a6 {The game is more
or less equal, but I have a feeling that it is easy to play with the black
pieces. He can simply prepare the moves b5 or d5 and it is more difficult to
find decent plan for White.} 12. Nf3 Rb8 13. a4 {[%csl Gb4] Othercase 13...b5
is coming at once.} Qd7 (13... d5 14. e5) 14. Kh1 b6 15. Be3 ({In the case of} 
15. d4 cxd4 16. Nxd4 Nxd4 17. Qxd4 Qc7 18. b3 Nd7 {Black has a very easy game.}
) 15... Qb7 ({Worth considering} 15... Ng4 $5 16. Bd2 f5 {but Bruzon doesn't
want to change his plan.}) 16. Qe2 Nd7 17. g4 {Trying to open a second front
on king side, but Black hasn't any weaknesses here.} (17. d4 cxd4 18. Nxd4 Bf6
$5) 17... Rbe8 $1 18. Qg2 Nb4 19. Rad1 (19. d4 cxd4 20. Nxd4 Qc7 21. b3 Bf6 22.
g5 Bxd4 23. Bxd4 Nc5 $15) 19... d5 $1 $40 {[%cal Gb7h1]} 20. cxd5 exd5 21. Bc1
$6 {Too passive.} (21. exd5 Nf6) (21. d4 $142 $5 dxe4 22. Ne5) 21... d4 22. Ne2
Bd8 (22... Qc6 $5 {[%csl Ra4]} 23. b3 $140 $2 Qe6 {could win a pawn
immediately, and I don't see reason why Black didn't use this simple plan.})
23. Ng3 $6 ({After the correct} 23. f5 $5 {[%csl Ge6]} Qc6 24. b3 Bc7 25. g5
Ne5 {it is not so easy to evaluate position correctly.}) 23... Qc6 {Finally!}
24. g5 (24. a5 b5) 24... Qxa4 25. Qh3 Qc6 (25... Qb5 $5 {[%csl Rd3]}) 26. Nf5
Re6 (26... Bc7 $5) 27. Rg1 ({Maybe Kabanov could play} 27. N3xd4 cxd4 28. Nxd4
Qd6 29. Nxe6 fxe6 30. d4 {now with some compensation for his small material
deficit.}) 27... Rfe8 28. Nxg7 $6 {[%mdl 64]} ({Again} 28. N3xd4 {was best try.
}) 28... Kxg7 29. f5 {It may seem that White has obtained excellent prospects.
However, Black had foreseen 1 move further!} Nxd3 $1 {The refutation of
White's combination.} 30. Rxd3 Rxe4 {[%cal Cd3a3,Ca3a6,Rc6h1]} 31. g6 fxg6 32.
Qh6+ (32. fxg6 h5 $5 33. Qxh5 Rh8 34. Qf5 Qe6 $19) 32... Kh8 $8 33. fxg6 (33.
Rxg6 $142 $5 Bf6 $1 34. Bg5 Re1+ 35. Kg2 Rg8 $19) 33... Nf6 {White's
initiative is not enough to compensate two pawns, the rest is simple.} 34. Bg5
Qb7 $19 35. g7+ Kg8 36. Bxf6 R4e6 $1 37. Qh5 Bxf6 38. Rd2 (38. Rg2 $5 Qf7)
38... Re5 (38... Re5 39. Qg4 Re2 40. Rxe2 Rxe2 $19) 0-1

[Event "EU-ch 4th"]
[Site "Istanbul"]
[Date "2003.06.06"]
[Round "7"]
[White "Nevednichy, Vladislav"]
[Black "Nikolaidis, Ioannis"]
[Result "1-0"]
[WhiteElo "2569"]
[BlackElo "2498"]
[Annotator "Psakhis,L"]
[PlyCount "55"]
[EventDate "2003.05.30"]
[EventType "swiss"]
[EventRounds "13"]
[EventCountry "TUR"]
[SourceTitle "CBM 096"]
[Source "ChessBase"]
[SourceDate "2003.09.25"]
[SourceVersion "1"]
[SourceVersionDate "2003.09.25"]
[SourceQuality "1"]

1. e4 c5 2. Nf3 d6 3. Bb5+ Bd7 4. Bxd7+ Qxd7 5. O-O Nf6 6. e5 dxe5 7. Nxe5 Qc8
({White failed to get any advantage after} 7... Qc7 8. d4 cxd4 9. Qxd4 Nc6 10.
Nxc6 Qxc6 {for example} 11. Bg5 Ne4 12. Bh4 Rd8 13. Qxa7 g5 14. Bg3 Bg7 15. Nc3
Nxc3 16. bxc3 f5 $36 {Vydeslaver,A-Karpman,V/ISR t-ch 2002}) 8. Qf3 Nbd7 (8...
e6 9. Nc3 Be7 10. d3 O-O 11. Bf4 Nfd7 (11... Na6 $5 12. Rfe1 Nb4 13. Rac1 Nfd5
14. a3 {1/2-1/2 Bellin,R-Ubilava,E/Tbilisi 1977 (14)}) 12. Qg3 Nxe5 13. Bxe5 f6
14. Bxb8 Rxb8 15. Rae1 b5 16. Re2 Rb6 17. Rfe1 Qd7 $11 {1/2-1/2 Breder,
D-Aagaard,J/Budapest-9 GM 2002/ (53)}) (8... g6 9. Re1 Bg7 10. Nc4 O-O 11. Na5
Nbd7 12. Nc3 Rb8 13. a4 a6 14. d3 Re8 $13 {1/2-1/2 Adams,M-Van Wely,L/FRA t-ch
2001/  (43)}) 9. Nc4 e6 10. Nc3 Be7 11. d3 O-O (11... Nb6 12. Na5 Nbd5 13. Nxd5
Nxd5 14. c4 Nb4 15. Qxb7 (15. Bd2 $5 Nc2 $140 16. Rab1 Nd4 17. Qxb7 Qxb7 18.
Nxb7) 15... Qxb7 16. Nxb7 a5 (16... Nxd3 $5) 17. Bd2 Ra7 18. Nxa5 Rxa5 19. a3
Nc6 20. Bxa5 Nxa5 $13 {0-1 Degraeve,J-Naiditsch,A/BEL t-ch 0203 2003/ (39)})
12. Bf4 Nb6 13. Nd6 Bxd6 $6 {Mistake, Black should have play} (13... Qd7 $142
$5 14. Qxb7 $140 (14. Nxb7 a5 {[%csl Rb7]}) 14... Nh5) 14. Bxd6 Re8 15. Rfe1
$146 (15. Bg3 a6 16. Rad1 Nbd7 17. Ne4 Nxe4 18. dxe4 b5 19. Rd6 Qb7 20. Qe3 $36
{Kharlov,A-Topalov,V/Wch New Delhi 2000/The Week in Chess 317/1/2-1/2 (47)})
15... Nbd5 (15... c4 $5) 16. Ne4 $1 Nxe4 (16... Rd8 $5 17. Nxf6+ $140 Nxf6 18.
Be7 Rd5 19. Bxf6 Rf5 $11) 17. dxe4 Nb4 18. Re2 $14 {[%csl Rb4,Gd6] It is not
that easy for Black to neutralize pressure across the d-file and we can
consider that the opening has taken a favourable turn for White.} Qc6 19. Qg3 {
[%cal Rd6e5]} f6 20. c3 Na6 {The text move is artificial and throws Black into
serious trouble. However, he has some problems anyway, for example:} (20... Qb5
$5 21. Rd2 Nc6 22. Rad1 $36) 21. e5 f5 22. Rd1 {Black should have stuck to a
passive defense} Rad8 23. Red2 Rd7 24. h4 {[%cal Gh4h6]} (24. c4 $5) 24... Red8
({The lesser evil for Black was} 24... c4 $5 {[%cal Ga6c5]}) 25. h5 Nc7 26. h6
{Despite the reduced material, White can still generate dangerous threats.} g6
{Now Black's pawn formation is seriously compromised on the kingside} (26...
Ne8 $5) 27. Qg5 Ne8 $2 {And once again Black fails to find the better
continuation!} (27... Re8 $140 $16) 28. Bxc5 $1 {Now the game is over.} (28.
Bxc5 $1 Rxd2 29. Rxd2 Rxd2 30. Qe7 $18) 1-0